000 00525nam a2200169 a 4500
001 000032580
005 20230519124858.0
008 110719s1904 dr 000 0 spa d
040 _aDO-SdBNP
_bspa
_cBNPHU
040 _aDO-SdBNP
_bspa
_cBNPHU
082 _axxxx
_bE77c
100 1 _aEspaillat, Francisco
_958510
245 1 0 _aCompilación de proyectos de leyes, escritos varios i mociones al Congreso Nacional /
_cFco. Espaillat.
260 _aSanto Domingo :
_b[s.n.],
_c1904.
300 _a210 p. ;
_c24 cm.
049 _aBNPD
999 _c32071
_d32071